000 00446nam a2200181Ia 4500
001 25076
005 20260414151126.0
008 260414t2019||||xx |||||||||||||| ||spa||
041 _aESP
082 _a346.241
_bA32
100 _aAguilar Llanos, Benjamín
_eAUT
245 0 _aRegímenes patrimoniales del matrimonio
_b
260 _c2019
300 _a286 páginas :
_c25 cm.
650 _aDER
654 _aCDE
942 _cLIB
_dJUS
_fJUS
_2ddc
_n
999 _c25076
_d25076